| 000 | 02057nam a2200241Ia 4500 | ||
|---|---|---|---|
| 003 | Ost | ||
| 005 | 20260507075007.0 | ||
| 008 | 260507s9999||||xx |||||||||||||| ||und|| | ||
| 020 | _a9774049209 | ||
| 040 | _cfsecg | ||
| 041 | _aara | ||
| 082 | _a657.42 | ||
| 100 |
_aمرعي، عبد الحي _eمؤلف |
||
| 245 | 0 |
_aالتكاليف لأغراض التخطيط و الرقابة : _bدراسات نظرية و تطبيقية متعمقة / _c عبد الحي مرعي |
|
| 260 |
_aالاسكندرية: _bدار المطبوعات الجامعية, _c2008 |
||
| 300 |
_a399 صفحة؛ _c24 سم |
||
| 520 | _aالباب الاول : قياس التكلفة لاغرض التخطيط مع التركيز على الفترة القصيرة ي تخطيط وتنظيم ورقابة العمليات الجارية تخطيط الاهداف ، في العلاقة بين التكلفة والحجم والربح ، في مدخل التكاليف المباشرة واستخداماته ، في التكلفة لاغراض تخطيط الاستمرار في العملية الانتاجية في المدى الطويل الباب الثاني في قياس التكلفة لاغراض الرقابة مقدمة في نظام الرقابة على التكاليف نظام المحاسبة المسؤولية ، دور المعايير والموازنات في الرقابة على التكاليف ، تحليل انحرافات الأرباح ومسبباتها ، تحليل وتفسير انحرافات المواد المباشرة والعمل المباشر تحليل انحرافات التكاليف الاضافية الصناعية ، في التكاليف المعيارية لاغراض تحديد تكلفة الانتاج ،في التكاليف المعيارية والاساليب الاحصائية | ||
| 653 | _aالتخطيط | ||
| 653 | _aالرقابة المالية | ||
| 653 | _aمحاسبة التكاليف | ||
| 700 |
_aطاحون، محمد عبد الحميد _eمؤلف ثانوي |
||
| 942 | _cكتاب | ||
| 999 |
_c42124 _d42124 |
||